Statistics for NBA Instagram Handles (For KOT4Q)

Click here to take the quiz!

General Stats

  • This quiz has been taken 107 times
  • The average score is 35 of 50

Answer Stats

Social Media HandlePlayer% Correct
@kobebryantKobe Bryant
100%
@kingjamesLeBron James
100%
@stephencurry30Stephen Curry
100%
@russwest44Russell Westbrook
99%
@shaqShaquille O'Neal
98%
@boogiecousinsDeMarcus Cousins
97%
@demar_derozanDemar DeRozan
97%
@reggiemillertntReggie Miller
95%
@giannis_an34Giannis Antetokounmpo
92%
@jaytatum0Jason Tatum
92%
@1ngram4Brandon Ingram
91%
@deandreDeandre Jordan
91%
@cp3Chris Paul
90%
@desmith4Dennis Smith Jr
90%
@money23greenDraymond Green
90%
@kkorv26Kyle Korver
90%
@jlin7Jeremy Lin
89%
@zoLonzo Ball
89%
@swipathefoxDe'Aaron Fox
86%
@elfridElfrid Payton
86%
@22wigginsAndrew Wiggins
85%
@theofficialai3Allen Iverson
84%
@vicoladipoVictor Oladipo
84%
@swaggyp1Nick Young
83%
@sdotcurrySeth Curry
83%
@3tross1Terrence Ross
82%
@dloadingD'Angelo Russell
80%
@kporzeeKristaps Porzingis
80%
@spidadmitchellDonovan Mitchell
75%
@ebled2Eric Bledsoe
75%
@ygtrecePaul George
75%
@yogiferre11Yogi Ferrell
72%
@swish41Dirk Nowitzki
71%
@patbev21Patrick Beverly
70%
@24bazeKent Bazemore
69%
@_kw15Kemba Walker
56%
@teamswishJR Smith
53%
@bossmann99Jae Crowder
43%
@officialeg10Eric Gordon
38%
@kennysensei (Plug)KOT4Q 👑 🐐 🏀
38%
@trayfourRay Allen
33%
@jokara95Nikola Jokic
32%
@ds17_fgDennis Schröder
31%
@jmglitxh27Jamal Murray
28%
@rekehavoc1Tyreke Evans
26%
@mac11Mike Conley
24%
@atf_33Robert Covington
20%
@youngamechangerMarcus Smart
18%
@chapRondae Hollis-Jefferson
18%
@sdot1414Shaun Livingston
15%

Score Distribution

Percentile by Number Answered

Percent of People with Each Score

Your Score History

You have not taken this quiz